MARC

LEADER 00000nam0a2200000 4500
001 324146
005 20231102003635.0
035 |a (RuTPU)RU\TPU\book\349735 
090 |a 324146 
100 |a 20161108d1951 km y0rusy50 ca 
101 0 |a rus 
102 |a RU 
105 |a ac z 001zb 
200 1 |a Семен Исаакович Вольфкович  |f Академия наук СССР (АН СССР) ; под ред. О. В. Исаковой 
210 |a Москва  |c Издательство Академии наук СССР  |d 1951 
215 |a 72 с.  |c ил. 
225 1 |a Материалы к биобиблиографии ученых СССР 
225 1 |a Серия химических наук  |v Вып. 16 
320 |a Библиогр.: с. 23-55 
600 1 |a Вольфкович  |b С. И.  |c химик-технолог, академик АН СССР  |f 1896-1980  |g Семен Исаакович  |2 stltpush  |3 (RuTPU)RU\TPU\pers\45778  |9 21971 
606 1 |a Библиографические пособия  |x По химии  |2 stltpush  |3 (RuTPU)RU\TPU\subj\28562  |9 52080 
606 1 |a Химики  |x Персоналии  |2 stltpush  |3 (RuTPU)RU\TPU\subj\69968  |9 84576 
610 1 |a химическая наука 
610 1 |a СССР 
610 1 |a история 
610 1 |a 20 век 
610 1 |a химическая технология 
610 1 |a библиографические указатели 
675 |a 54(01)(09)  |v 4 
686 |a Я19:54  |v LBC/SL-A  |2 rubbk 
702 1 |a Исакова  |b О. В.  |4 340 
712 0 2 |a Академия наук СССР (АН СССР)  |c (Ленинград/Москва)  |c (1925-1991)  |2 stltpush  |3 (RuTPU)RU\TPU\col\722 
801 1 |a RU  |b 63413507  |c 20161108 
801 2 |a RU  |b 63413507  |c 20200124  |g RCR 
942 |c BK